Loading...
| Fine Arts - Classical Music | 2 | 5 | 0 | 1 | 80 | 55 | 87.71 | 4 | 7 | 0.00 | 0.00 |
| Science - Biology | 1 | 1 | 0 | 0 | 25 | 37 | 67.50 | 2 | 2 | 0.00 | 0.00 |
| Geography | 1 | 1 | 0 | 0 | 25 | 66 | 96.00 | 1 | 2 | 0.00 | 0.00 |
| Fine Arts - Painting and Sculpture | 0 | 2 | 0 | 1 | 20 | 132 | 142.00 | 1 | 2 | 0.00 | 0.00 |
| Literature - Drama | 0 | 2 | 0 | 1 | 20 | 99 | 127.50 | 1 | 2 | 0.00 | 0.00 |
| Short Fiction and Other | 0 | 2 | 0 | 0 | 20 | 98 | 115.00 | 1 | 2 | 0.00 | 0.00 |
| Other Academic | 0 | 2 | 1 | 0 | 15 | 93 | 113.50 | 2 | 2 | 0.00 | 0.00 |
| Literature - Long Fiction | 0 | 1 | 0 | 0 | 10 | 142 | 142.00 | 0 | 1 | 0.00 | 0.00 |
| Fine Arts - Other | 1 | 0 | 1 | 0 | 10 | 17 | 17.00 | 1 | 1 | 0.00 | 0.00 |
| Philosophy | 0 | 1 | 0 | 1 | 10 | 143 | 143.00 | 1 | 1 | 0.00 | 0.00 |
| Social Science | 0 | 0 | 1 | 0 | -5 | 0.00 | 0 | 0 | 0.00 | 0.00 |